[Event "Gothenburg Kvibergspelen"]
[Site "Gothenburg"]
[Date "2023.09.15"]
[Round "2"]
[White "Sivuk, Vitaly"]
[Black "Joensson, Oscar"]
[Result "1-0"]
[WhiteElo "2461"]
[BlackElo "2060"]
[PlyCount "49"]
[EventDate "2023.09.15"]
[EventType "swiss"]
[EventRounds "8"]
[EventCountry "SWE"]
[SourceTitle "EXT 2024"]
[Source "ChessBase"]
[SourceDate "2023.10.10"]
[SourceVersion "1"]
[SourceVersionDate "2023.10.10"]
[SourceQuality "1"]

1. d4 Nf6 2. c4 e6 3. Nf3 d5 4. Nc3 Be7 5. Bg5 0-0 6. e3 h6 7. Bf4 c6 8. g4 Ne4 9. Bd3 Nxc3 10. bxc3 dxc4 11. Bxc4 b6 12. Bd3 Bb7 13. Rg1 Bg5 14. Bxg5 hxg5 15. h4 gxh4 16. g5 g6 17. Ne5 Kg7 18. Qf3 Qe7 19. Be4 Nd7 20. Nxd7 Qxd7 21. Qf6+ Kg8 22. Rh1 Qd8 23. Rxh4 Qxf6 24. gxf6 e5 25. 0-0-0 1-0

[Event "SWE-ch U20"]
[Site "Helsingborg"]
[Date "2023.07.04"]
[Round "4"]
[White "Lindholm, Gustav"]
[Black "Joensson, Oscar"]
[Result "1/2-1/2"]
[WhiteElo "2155"]
[BlackElo "2077"]
[PlyCount "154"]
[EventDate "2023.07.01"]
[EventType "tourn"]
[EventRounds "9"]
[EventCountry "SWE"]
[SourceTitle "CBM 215 Extra"]
[Source "ChessBase"]
[SourceDate "2023.09.30"]
[SourceVersion "1"]
[SourceVersionDate "2023.09.30"]
[SourceQuality "1"]

1. d4 Nf6 2. c4 g6 3. g3 Bg7 4. Bg2 0-0 5. Nc3 d6 6. Nf3 c6 7. e4 Bg4 8. Be3 e5 9. Qd3 Bxf3 10. Bxf3 Nbd7 11. 0-0 exd4 12. Bxd4 Ne5 13. Qe2 Nfd7 14. Rad1 Qe7 15. Bg2 Nb6 16. b3 c5 17. Bxe5 Bxe5 18. Qd3 a6 19. Kh1 Bxc3 20. Qxc3 Nc8 21. Qd3 Rd8 22. Rfe1 Na7 23. f4 Nc6 24. Qf1 f6 25. Qd3 Kg7 26. Qe3 Re8 27. h4 h5 28. Rd5 Nb4 29. Rd2 Nc6 30. Rf2 Rad8 31. f5 Ne5 32. Bh3 b5 33. fxg6 bxc4 34. bxc4 Nxc4 35. Qe2 d5 36. Qxh5 Rh8 37. Qe2 Qxe4+ 38. Qxe4 dxe4 39. Rxe4 Rd1+ 40. Kh2 Ne5 41. Ra4 Rd6 42. Bf5 c4 43. Rb4 c3 44. Rb7+ Kh6 45. Rc7 Rd2 46. Kg2 Nxg6 47. Bxg6 Kxg6 48. Rxc3 Rhd8 49. Ra3 Rxf2+ 50. Kxf2 Rd6 51. Ra5 f5 52. Ke3 Kf6 53. Ra4 Ke5 54. Rc4 Rb6 55. h5 Re6 56. Rh4 Kf6+ 57. Kf4 Re2 58. a4 Ra2 59. Kf3 Ra3+ 60. Kf2 Ra2+ 61. Ke1 Ra1+ 62. Kd2 Ra2+ 63. Kc3 Ra3+ 64. Kb4 Rxg3 65. Ka5 Rg4 66. Rh1 Kg7 67. Rf1 Kf6 68. h6 Rh4 69. h7 Rxh7 70. Kxa6 Ke5 71. a5 Ke4 72. Kb6 f4 73. a6 f3 74. a7 Rxa7 75. Kxa7 Ke3 76. Kb6 Ke2 77. Rxf3 Kxf3 1/2-1/2

[Event "FIN-ch U16"]
[Site "Turku"]
[Date "2019.06.08"]
[Round "6"]
[White "Joensson, Oscar"]
[Black "Aalto, Patrik"]
[Result "0-1"]
[WhiteElo "1810"]
[BlackElo "2013"]
[PlyCount "74"]
[EventDate "2019.06.06"]
[EventType "swiss"]
[EventRounds "7"]
[EventCountry "FIN"]
[SourceTitle "EXT 2021"]
[Source "ChessBase"]
[SourceDate "2020.10.23"]
[SourceVersion "1"]
[SourceVersionDate "2020.10.23"]
[SourceQuality "1"]

1. d4 c5 2. e3 e6 3. Nf3 Nf6 4. Bd3 b6 5. b3 Bb7 6. 0-0 Be7 7. Bb2 0-0 8. Nbd2 d6 9. c4 Nbd7 10. Rc1 Re8 11. e4 cxd4 12. Nxd4 Nc5 13. Qc2 Nxd3 14. Qxd3 Nd7 15. Qg3 Bf6 16. Qxd6 Nc5 17. Qxd8 Raxd8 18. N2f3 Nd3 19. Rb1 Nxb2 20. e5 Rxd4 21. Nxd4 Bxe5 22. Rxb2 Bxd4 23. Rd2 e5 24. Rfd1 f6 25. Re2 Kf7 26. b4 Rc8 27. Rc2 Ke6 28. Kf1 Rxc4 29. Rdc1 Ba6 30. Ke1 Kd5 31. a4 Rxc2 32. Rxc2 Bc4 33. f3 f5 34. g4 fxg4 35. fxg4 e4 36. g5 e3 37. h4 Be5 0-1